01147nac a22002771u 4500010001300000020001500013082002000028090001500048100003400063111007200097245010400169260005100273300001900324500009000343500001400433500003400447504004100481650006300522650004700585700003000632700002200662710004000684942002200724999001500746952010800761 a72009352 a081431492900a261.70943bL777 c1794d1794 a20080729 2 aInternational Scholars' Conference,cWayne State University,d1970.14aThe German church struggle and the Holocaust.cEdited by Franklin H. Littell [and] Hubert G. Locke. aDetroit,bWayne State University Press,c1974. a328 p.c24 cm. aSponsored by the Walker and Gertrude Cisler Library of the Grosberg Religious Center. aDonations aDonations - Dr. Mostafa Gouda aIncludes bibliographical references. 0aChurch and statezGermanyxHistoryy1933-1945xCongresses. 0aHolocaust, Jewish (1939-1945)xCongresses.1 aLittell, Franklin Hamlin,1 aLocke, Hubert G.,2 aWalker and Gertrude Cisler Library. cBBk261.70943L777 c1794d1794 00104070aMAINbMAINcLOWd2014-12-06ePurchasel0o261.70943 GERp000002523r2025-07-15 00:00:00yBB